00819nam a22002417a 450000500170000001000130001702000110003003500130004103700160005404000120007008200170008210000230009924500510012226000460017327000470021930000200026650000510028665000440033765000180038194200260039999900190042595201330044420170124110233.0 aA-710530 c150.00 aA-710530 bCen Lib/Ret aDPLbEN a301.535bBAK aBakshi, S.R.91667 aGandhi and status of Harijans /cby S.R.Bakshi aNew DelhibDeep & Deep Publicationsc1987 aD-1/24, Rajouri Garden bNew Delhie110027 a196p.c21cm(Hb) aIncludes bibliographical references and index  aGandhi, -- Mahatma, -- 1869-1948941727 aDalits915339 2ddccENh301.535mBAK c134770d134770 001040718REFaLbLd2015-07-31eCen Lib/Retg150.00l0o301.535 BAKpA-710530r2015-07-31 00:00:00t1v150.00w2015-07-31yEN